[Event "6. EICC playoff"]
[Site "?"]
[Date "2005.07.02"]
[Round "1.2"]
[White "Eljanov Pavel"]
[Black "Beliavsky Alexander G"]
[Result "1/2-1/2"]
[WhiteElo "2641"]
[BlackElo "2630"]
[PlyCount "72"]
[EventDate "2005.??.??"]
[Source "www.chesslib.no"]
[SourceDate "2004.05.04"]

1. d4 Nf6 2. c4 e6 3. Nf3 b6 4. e3 Bb7 5. Bd3 Be7 6. O-O c5 7. Nc3 cxd4 8. exd4 d5 9. Bg5 dxc4 10. Bxc4 O-O 11. Qd3 Nc6 12. a3 Nd5 13. Bxd5 exd5 14. Bxe7 Nxe7 15. Rfe1 Ng6 16. Re3 Re8 17. Rae1 Qd7 18. h4 h6 19. h5 Nf4 20. Rxe8+ Rxe8 21. Rxe8+ Qxe8 22. Qf5 Ne6 23. Qe5 Qc8 24. Nxd5 Bxd5 25. Qxd5 Qc1+ 26. Kh2 Qxb2 27. Qa8+ Kh7 28. Qe4+ Kg8 29. d5 Nf8 30. d6 Qxa3 31. Qe7 Qb4 32. Ne5 Qf4+ 33. Kg1 Qc1+ 34. Kh2 Qf4+ 35. Kg1 Qc1+ 36. Kh2 Qf4+ 1/2-1/2

[Event "Munich"]
[Site "Munich"]
[Date "1992.??.??"]
[Round "2"]
[White "Jussupow, Artur"]
[Black "Huebner, Robert"]
[Result "1/2-1/2"]
[WhiteElo "2655"]
[BlackElo "2615"]
[PlyCount "50"]
[EventDate "1992.05.??"]
[Source "ChessBase"]

1. d4 Nf6 2. c4 e6 3. Nf3 b6 4. e3 Bb7 5. Bd3 d5 6. O-O Nbd7 7. Nc3 Be7 8. b3 O-O 9. Bb2 c5 10. Rc1 Re8 11. cxd5 exd5 12. Ne2 Ne4 13. Ng3 Rc8 14. Qe2 Nxg3 15. hxg3 Bf6 16. Bf5 Rc6 17. Rfd1 Nf8 18. Ne5 Rc7 19. Ng4 Bxd4 20. Bxd4 cxd4 21. Rxc7 Qxc7 22. Rxd4 Qc5 23. Qd1 Re7 24. Bc2 Rc7 25. Rd2 Qc3 1/2-1/2

[Event "Tch-NED, NED"]
[Site "?"]
[Date "2001.??.??"]
[Round "7"]
[White "Jussupow, A."]
[Black "Timman, J."]
[Result "1/2-1/2"]
[WhiteElo "2645"]
[BlackElo "2625"]
[PlyCount "58"]
[EventDate "2001.??.??"]
[Source "www.chesslib.no"]
[SourceDate "2004.05.04"]

1. d4 Nf6 2. c4 e6 3. Nf3 b6 4. e3 Bb7 5. Bd3 d5 6. O-O Bd6 7. Nc3 O-O 8. b3 Nbd7 9. Bb2 a6 10. Qc2 dxc4 11. bxc4 Bxf3 12. gxf3 c5 13. d5 Ne5 14. f4 Nxd3 15. Qxd3 Qe7 16. Kh1 e5 17. fxe5 Bxe5 18. Rg1 Rfe8 19. Rg2 Rad8 20. f4 Bxc3 21. Bxc3 g6 22. Rd1 Nd7 23. Re1 Qe4 24. Qf1 b5 25. cxb5 axb5 26. Qxb5 Qxd5 27. Kg1 Rb8 28. Qe2 Qe4 29. Qc2 Ra8 1/2-1/2

[Event "Gawlikowski mem 18th"]
[Site "?"]
[Date "1999.??.??"]
[Round "?"]
[White "Malaniuk Vladimir P"]
[Black "Ivanchuk Vassily"]
[Result "0-1"]
[WhiteElo "2552"]
[BlackElo "2714"]
[PlyCount "119"]
[EventDate "1999.??.??"]
[Source "www.chesslib.no"]
[SourceDate "2004.05.04"]

1. d4 Nf6 2. c4 e6 3. Nf3 b6 4. Nc3 Bb7 5. e3 d5 6. cxd5 exd5 7. Bb5+ c6 8. Bd3 Nbd7 9. O-O Be7 10. b3 O-O 11. Bb2 Re8 12. Ne2 Bd6 13. Ng3 g6 14. Nd2 Qc7 15. Re1 Rad8 16. Rc1 Qb8 17. Qc2 Re7 18. Ngf1 Rde8 19. f3 Nh5 20. Qb1 c5 21. Bb5 a6 22. dxc5 Bxc5 23. Bxd7 Rxd7 24. Bd4 Bxd4 25. exd4 Nf4 26. Ng3 a5 27. Rxe8+ Qxe8 28. Re1 Re7 29. Rxe7 Qxe7 30. Ndf1 Ba6 31. Qd1 h5 32. Qd2 Qg5 33. Ne3 h4 34. Ngf1 Bxf1 35. Nxf1 Nh3+ 36. Kh1 Qxd2 37. Nxd2 Nf4 38. Nf1 b5 39. Ne3 b4 40. g3 hxg3 41. hxg3 Ne2 42. Nxd5 Nxg3+ 43. Kg2 Nf5 44. Nb6 Nxd4 45. Nc4 Nc6 46. f4 Kg7 47. Kf3 Kf6 48. Ke4 Ke6 49. a3 bxa3 50. Nxa3 f5+ 51. Ke3 Kd5 52. Nc4 Kc5 53. Kd3 Kb4 54. Nd2 Nd8 55. Nf3 Ne6 56. Ke3 Kxb3 57. Ne5 a4 58. Nd3 a3 59. Kd2 Nxf4 60. Nc1+ 0-1

[Event "Bundesliga 0001"]
[Site "Germany"]
[Date "2000.10.15"]
[Round "2.2"]
[White "Muse, Mladen"]
[Black "Adams, Michael"]
[Result "1-0"]
[WhiteElo "2510"]
[BlackElo "2755"]
[PlyCount "93"]
[EventDate "2000.10.14"]
[Source "ChessBase"]
[SourceDate "2001.07.03"]

1. d4 Nf6 2. Nf3 e6 3. c4 b6 4. e3 Bb7 5. Bd3 c5 6. O-O g6 7. Nc3 Bg7 8. d5 exd5 9. cxd5 Nxd5 10. Nxd5 Bxd5 11. Bxg6 hxg6 12. Qxd5 Nc6 13. e4 Qf6 14. Ng5 Rd8 15. Bd2 O-O 16. Bc3 Nd4 17. Kh1 Qc6 18. Qxc6 dxc6 19. f4 Bh6 20. Nh3 Rfe8 21. e5 Rd5 22. g3 Nb5 23. Nf2 Nxc3 24. bxc3 Bg7 25. Ne4 f6 26. g4 fxe5 27. f5 gxf5 28. gxf5 Kf7 29. Rg1 Rh8 30. Rg6 Bh6 31. Rxc6 Rd7 32. h3 Bf4 33. Kg2 Rh4 34. a4 Be3 35. Nd6+ Kg7 36. f6+ Kxf6 37. Nc4+ Kg5 38. Nxe3 Rd2+ 39. Kg3 Rd3 40. Re1 Rxa4 41. Kf3 e4+ 42. Kg3 Kh5 43. Kf4 Rd8 44. Rg1 Rf8+ 45. Nf5 e3+ 46. Ke5 Re8+ 47. Kf6 1-0

[Event "TCh-FRA, Mulhouse FRA"]
[Site "?"]
[Date "2001.??.??"]
[Round "5"]
[White "Khenkin, I."]
[Black "Lautier, J."]
[Result "1/2-1/2"]
[WhiteElo "2610"]
[BlackElo "2655"]
[PlyCount "37"]
[EventDate "2001.??.??"]
[Source "www.chesslib.no"]
[SourceDate "2004.05.04"]

1. d4 Nf6 2. c4 e6 3. Nf3 b6 4. e3 Bb7 5. Bd3 Be7 6. O-O O-O 7. Nc3 d5 8. b3 c5 9. dxc5 bxc5 10. Bb2 Nbd7 11. Rc1 Qa5 12. cxd5 exd5 13. Na4 Rac8 14. Bc3 Qd8 15. Bf5 Ne4 16. Bxe4 dxe4 17. Ne5 Nxe5 18. Bxe5 f6 19. Bc3 1/2-1/2

[Event "JUG-chT playoff sf"]
[Site "Novi Sad"]
[Date "2000.09.06"]
[Round "1.1"]
[White "Sakaev, Konstantin"]
[Black "Zvjaginsev, Vadim"]
[Result "1/2-1/2"]
[WhiteElo "2627"]
[BlackElo "2634"]
[PlyCount "27"]
[EventDate "2000.09.??"]
[Source "ChessBase"]
[SourceDate "2000.11.10"]

1. d4 Nf6 2. c4 e6 3. Nf3 Bb4+ 4. Nbd2 b6 5. e3 Bb7 6. Bd3 O-O 7. O-O d5 8. a3 Be7 9. b4 dxc4 10. Nxc4 Nbd7 11. Bb2 c5 12. dxc5 bxc5 13. b5 Nb6 14. Na5 1/2-1/2

[Event "Groningen NED"]
[Site "Groningen NED"]
[Date "1994.??.??"]
[Round "11"]
[White "Sokolov, Ivan"]
[Black "Almasi, Zoltan"]
[Result "0-1"]
[WhiteElo "2650"]
[BlackElo "2610"]
[PlyCount "73"]
[EventDate "1994.??.??"]
[Source "www.chesslib.no"]
[SourceDate "2004.05.04"]

1. d4 Nf6 2. c4 e6 3. Nf3 b6 4. e3 Bb7 5. Bd3 d5 6. cxd5 exd5 7. O-O Be7 8. Nc3 O-O 9. b3 Nbd7 10. Bb2 Re8 11. Rc1 a6 12. Ne2 Bd6 13. Ng3 g6 14. Qc2 Rc8 15. Qe2 Ra8 16. Rc2 Ne4 17. Rfc1 f6 18. Nf1 Nf8 19. N3d2 Ne6 20. Qg4 N6g5 21. Nxe4 Nxe4 22. Qh4 Ng5 23. Kh1 f5 24. f3 Rc8 25. Rd1 Ne6 26. Qf2 Qf6 27. Re2 Nc5 28. e4 Kf8 29. Qh4 Qe6 30. h3 Bf4 31. Rf2 Bd6 32. Qg4 Be7 33. Qxg6 Ba8 34. Ng3 Nb7 35. Ne2 Bh4 36. Nc3 Na5 37. Rdd2 0-1

[Event "Deutschland"]
[Site "?"]
[Date "1995.??.??"]
[Round "?"]
[White "Khalifman, A."]
[Black "Gavrikov, V."]
[Result "1-0"]
[WhiteElo "2655"]
[BlackElo "2605"]
[PlyCount "133"]
[EventDate "1995.??.??"]
[Source "ChessBase"]
[SourceDate "1996.02.01"]

1. d4 Nf6 2. c4 e6 3. Nf3 b6 4. e3 Bb7 5. Bd3 Be7 6. O-O O-O 7. Nc3 d5 8. cxd5 exd5 9. b3 Nbd7 10. Bb2 c5 11. Rc1 a6 12. Bf5 Re8 13. dxc5 Nxc5 14. Qe2 b5 15. Rfd1 Qa5 16. Qc2 Ne6 17. Ne2 Rac8 18. Qb1 Rxc1 19. Rxc1 h6 20. Bxe6 fxe6 21. Nf4 d4 22. Bxd4 Be4 23. Qa1 Bxf3 24. gxf3 b4 25. Kh1 Qf5 26. Qb1 Qxb1 27. Rxb1 Bd6 28. Bxf6 gxf6 29. Ne2 Kf7 30. Rc1 Rd8 31. f4 a5 32. Kg2 a4 33. Kf3 e5 34. f5 Be7 35. Rc2 a3 36. Ng3 Rd1 37. Ke2 Rb1 38. Rd2 Ke8 39. Kf3 Kf7 40. Kg4 Ra1 41. Kf3 Rb1 42. Ke4 Rb2 43. Kd3 Rb1 44. Rc2 Ra1 45. Kc4 Rg1 46. Re2 Rc1+ 47. Kb5 Rd1 48. Rc2 Rb1 49. Rd2 Ra1 50. Kc6 Ke8 51. Ne4 Rc1+ 52. Kd5 Kd7 53. Ng3 Ke8 54. h3 Rc5+ 55. Ke4 Rc1 56. Kf3 Kf7 57. Kg4 Ra1 58. Rc2 Rb1 59. Ne4 Rh1 60. h4 Ra1 61. Kh5 Kg7 62. Rc7 Kf8 63. Kxh6 Rxa2 64. Kg6 Ke8 65. h5 Ra1 66. h6 Rh1 67. h7 1-0

[Event "MK Cafe Cup-A"]
[Site "Koszalin"]
[Date "1998.08.12"]
[Round "10"]
[White "Khenkin, Igor"]
[Black "Krasenkow, Michal"]
[Result "1/2-1/2"]
[WhiteElo "2600"]
[BlackElo "2655"]
[PlyCount "27"]
[EventDate "1998.08.03"]
[Source "ChessBase"]
[SourceDate "1998.09.09"]

1. d4 Nf6 2. c4 e6 3. Nf3 b6 4. e3 Bb7 5. Bd3 c5 6. Nc3 Be7 7. O-O d6 8. d5 exd5 9. cxd5 a6 10. e4 b5 11. Re1 Nbd7 12. a4 bxa4 13. Rxa4 O-O 14. h3 1/2-1/2

[Event "ESP Team Ch"]
[Site "Cordoba ARG"]
[Date "1995.??.??"]
[Round "2"]
[White "Franco Ocampos, Zenon"]
[Black "Karpov, Anatoly"]
[Result "1/2-1/2"]
[WhiteElo "2490"]
[BlackElo "2765"]
[PlyCount "83"]
[EventDate "1995.??.??"]
[Source "www.chesslib.no"]
[SourceDate "2004.05.04"]

1. d4 Nf6 2. Nf3 e6 3. e3 c5 4. Bd3 b6 5. O-O Bb7 6. c4 Be7 7. Nc3 cxd4 8. exd4 d5 9. b3 Nc6 10. Bb2 dxc4 11. Bxc4 O-O 12. d5 exd5 13. Nxd5 Nxd5 14. Qxd5 Na5 15. Qxd8 Rfxd8 16. Be2 Rac8 17. Rac1 Be4 18. Rfd1 Rxc1 19. Rxc1 Bc5 20. Kf1 f6 21. Bc3 Nc6 22. Rd1 Rxd1+ 23. Bxd1 Bb1 24. a4 Kf7 25. Be2 Ke7 26. Bc4 Kd6 27. Ke2 Be4 28. g3 Bf5 29. Nd2 Nd4+ 30. Bxd4 Bxd4 31. Bd3 Bxd3+ 32. Kxd3 Kd5 33. f4 Bg1 34. Nf3 Bc5 35. Nd2 f5 36. Nf3 a6 37. Ng5 h6 38. Nf3 Be7 39. Nd4 g6 40. Nf3 Bf6 41. Nh4 Bxh4 42. gxh4 1/2-1/2

[Event "Rubinstein Mem"]
[Site "Polanica Zdroj POL"]
[Date "2007.08.20"]
[Round "3"]
[White "Laznicka, V."]
[Black "Socko, B."]
[Result "1/2-1/2"]
[WhiteElo "2594"]
[BlackElo "2660"]
[PlyCount "115"]
[EventDate "2007.08.18"]
[Source "www.chesslib.no"]
[SourceDate "2004.05.04"]

1. d4 Nf6 2. c4 e6 3. Nf3 Bb4+ 4. Nbd2 b6 5. a3 Bxd2+ 6. Qxd2 Bb7 7. e3 d6 8. Be2 Nbd7 9. O-O O-O 10. b4 Qe7 11. Bb2 Ne4 12. Qc2 f5 13. Rad1 a5 14. Ne1 axb4 15. axb4 Ra2 16. Qb3 Rfa8 17. f3 Nef6 18. Nd3 b5 19. Ra1 bxc4 20. Qxc4 Rxa1 21. Rxa1 Rxa1+ 22. Bxa1 Nb6 23. Qc1 Ba6 24. Bc3 Qe8 25. Be1 Nbd5 26. Kf2 Bb5 27. h3 Qa8 28. g4 h6 29. Qc2 fxg4 30. hxg4 Qf8 31. Nf4 Bxe2 32. Kxe2 Nxf4+ 33. exf4 Nd5 34. Bd2 Qf6 35. Qe4 g6 36. b5 Kf7 37. Kd3 Kg7 38. Ke2 h5 39. Kf1 Kf8 40. Kg2 Ke7 41. Kg3 Kd7 42. f5 gxf5 43. gxf5 Ne7 44. fxe6+ Qxe6 45. b6 cxb6 46. Qb7+ Ke8 47. Qxb6 Nf5+ 48. Kf4 Kf7 49. Qb7+ Kg6 50. Qe4 Qxe4+ 51. fxe4 Nxd4 52. Bb4 Nb5 53. Kg3 Kg5 54. Kh3 h4 55. Be1 Kf4 56. Bb4 Kxe4 57. Bxd6 Nxd6 58. Kxh4 1/2-1/2

[Event "ch-Euro Blitz"]
[Site "Ajaccio FRA"]
[Date "2007.10.26"]
[Round "31"]
[White "Jussupow, Ar"]
[Black "Karpov, Ana"]
[Result "1/2-1/2"]
[WhiteElo "2583"]
[BlackElo "2670"]
[PlyCount "41"]
[EventDate "2007.10.25"]
[Source "www.chesslib.no"]
[SourceDate "2004.05.04"]

1. d4 Nf6 2. Nf3 e6 3. e3 b6 4. Bd3 c5 5. O-O Bb7 6. c4 Be7 7. Nc3 cxd4 8. exd4 d5 9. cxd5 Nxd5 10. Ne5 O-O 11. Qh5 f5 12. Bc4 a6 13. Re1 b5 14. Bb3 b4 15. Nxd5 Bxd5 16. Bxd5 Qxd5 17. Qf3 Rd8 18. Qh5 Rf8 19. Qf3 Rd8 20. Qh5 Rf8 21. Qf3 1/2-1/2

[Event "Pula"]
[Site "?"]
[Date "1997.??.??"]
[Round "?"]
[White "Jussupow, A."]
[Black "Kengis, E."]
[Result "1-0"]
[WhiteElo "2665"]
[BlackElo "2585"]
[PlyCount "93"]
[EventDate "1997.??.??"]
[Source "ChessBase"]
[SourceDate "1997.02.01"]

1. d4 e6 2. Nf3 c5 3. e3 Nf6 4. Bd3 b6 5. O-O Bb7 6. c4 Be7 7. Nc3 a6 8. b3 d6 9. Bb2 O-O 10. d5 exd5 11. cxd5 b5 12. e4 Nbd7 13. a4 b4 14. Ne2 Ne8 15. Nd2 Ne5 16. Bxe5 dxe5 17. Ng3 Nd6 18. Rc1 Rc8 19. Qe2 Bg5 20. Rc2 g6 21. Rfc1 Qb6 22. Ndf1 f5 23. Ne3 fxe4 24. Bxe4 Nxe4 25. Nxe4 Bxe3 26. Qxe3 Bxd5 27. Nxc5 Rfe8 28. h4 a5 29. Qg5 Qd8 30. Qg3 Qe7 31. h5 Rc6 32. h6 Rec8 33. Qe3 g5 34. f3 Rxh6 35. Ne4 Rxc2 36. Rxc2 Bxe4 37. Qxe4 Qa7+ 38. Kf1 Qa6+ 39. Kf2 Qa7+ 40. Kg3 Qe7 41. Qa8+ Kg7 42. Qxa5 Kg6 43. Qd5 Rh4 44. Rc6+ Kf5 45. Kf2 Rd4 46. g4+ Kf4 47. Rc4 1-0

[Event "Moscow 5'"]
[Site "Moscow RUS"]
[Date "1971.??.??"]
[Round "?"]
[White "Tal, Mikhail N"]
[Black "Petrosian, Tigran V"]
[Result "0-1"]
[WhiteElo "2610"]
[BlackElo "2640"]
[PlyCount "86"]
[EventDate "1971.??.??"]
[Source "www.chesslib.no"]
[SourceDate "2004.05.04"]

1. d4 Nf6 2. c4 e6 3. Nf3 b6 4. e3 Bb7 5. Bd3 c5 6. Nc3 Be7 7. O-O cxd4 8. exd4 d5 9. b3 O-O 10. Bb2 Nc6 11. Qe2 Re8 12. Rad1 Rc8 13. Rfe1 Bf8 14. Bb1 g6 15. Ne5 Bg7 16. h3 a6 17. cxd5 exd5 18. Qf3 b5 19. Ne2 Nxe5 20. dxe5 Nd7 21. e6 Rxe6 22. Bxg7 Kxg7 23. Nd4 Rxe1+ 24. Rxe1 Qf6 25. Qg4 Ne5 26. Nf5+ Kh8 27. Qd4 Re8 28. Re3 gxf5 29. Qf4 d4 30. Rg3 d3 31. Bxd3 Nxd3 32. Rxd3 Re1+ 33. Kh2 Qe5 34. Qxe5+ Rxe5 35. Rd7 Be4 36. Rxf7 Bb1 37. a4 bxa4 38. bxa4 Bc2 39. Kg3 Bxa4 40. Kf4 Rd5 41. Kg5 Kg8 42. Ra7 Bd7 43. Rxa6 Kf7 0-1

[Event "Groningen"]
[Site "?"]
[Date "1994.??.??"]
[Round "?"]
[White "Sokolov, I."]
[Black "Almasi, Z."]
[Result "0-1"]
[WhiteElo "2625"]
[BlackElo "2620"]
[PlyCount "88"]
[EventDate "1994.??.??"]
[Source "ChessBase"]
[SourceDate "1994.10.01"]

1. d4 Nf6 2. c4 e6 3. Nf3 b6 4. e3 Bb7 5. Bd3 d5 6. cxd5 exd5 7. O-O Be7 8. Nc3 O-O 9. b3 Nbd7 10. Bb2 Re8 11. Rc1 a6 12. Ne2 Bd6 13. Ng3 g6 14. Qc2 Rc8 15. Qe2 Ra8 16. Rc2 Ne4 17. Rfc1 f6 18. Nf1 Nf8 19. N3d2 Ne6 20. Qg4 N6g5 21. Nxe4 Nxe4 22. Qh4 Ng5 23. Kh1 f5 24. f3 Rc8 25. Rd1 Ne6 26. Qf2 Qf6 27. Re2 Re7 28. Nd2 Rce8 29. f4 g5 30. fxg5 Nxg5 31. Bxf5 Qh6 32. g3 Rf7 33. g4 Bc8 34. Qg2 Bxf5 35. gxf5 Rxf5 36. e4 dxe4 37. Nxe4 Rxe4 38. Rxe4 Bxh2 39. Bc1 Bg3+ 40. Kg1 Bh2+ 41. Kh1 Bg3+ 42. Kg1 Qh5 43. Re8+ Qxe8 44. Qxg3 Qe2 0-1

[Event "Bundesliga 9899"]
[Site "Germany"]
[Date "1998.12.13"]
[Round "6.1"]
[White "Georgiev, Kiril"]
[Black "Rogers, Ian"]
[Result "1-0"]
[WhiteElo "2675"]
[BlackElo "2570"]
[PlyCount "85"]
[EventDate "1998.10.17"]
[Source "ChessBase"]
[SourceDate "1999.07.01"]

1. d4 Nf6 2. Nf3 e6 3. c4 Bb4+ 4. Nbd2 b6 5. a3 Bxd2+ 6. Qxd2 Bb7 7. e3 d6 8. Be2 Nbd7 9. O-O O-O 10. b4 Ne4 11. Qd3 f5 12. Bb2 Qf6 13. Nd2 Qg6 14. f3 Nef6 15. Rae1 a5 16. Bd1 axb4 17. axb4 e5 18. dxe5 dxe5 19. Qc3 e4 20. f4 c5 21. Nb3 Bc6 22. Rf2 Qf7 23. Rd2 Qe7 24. bxc5 Nxc5 25. Qb4 Rfb8 26. Be5 Rc8 27. Bd6 Qf7 28. Nxc5 bxc5 29. Bxc5 Rab8 30. Bb6 Kh8 31. Be2 Qb7 32. Rb1 Nd7 33. c5 Nf6 34. Qd4 Nd5 35. Bc4 Nxb6 36. Rxb6 Qc7 37. Be6 Rf8 38. Qd6 Qxd6 39. Rxd6 Rxb6 40. cxb6 Bb7 41. Bxf5 g6 42. Be6 Rb8 43. g4 1-0

[Event "Keres mem"]
[Site "Rakvere"]
[Date "1993.??.??"]
[Round "10"]
[White "Khalifman, Alexander"]
[Black "Rozentalis, Eduardas"]
[Result "1/2-1/2"]
[WhiteElo "2645"]
[BlackElo "2600"]
[PlyCount "85"]
[EventDate "1993.09.??"]
[Source "ChessBase"]

1. d4 Nf6 2. c4 e6 3. Nf3 b6 4. e3 Bb7 5. Bd3 Bb4+ 6. Nbd2 O-O 7. O-O d5 8. a3 Be7 9. cxd5 exd5 10. b4 Nbd7 11. Bb2 Bd6 12. Ne5 Qe7 13. Ndf3 Ne4 14. Qc2 f6 15. Nc6 Qe6 16. b5 a5 17. a4 g6 18. Ba3 Kg7 19. Bxd6 cxd6 20. Rfc1 f5 21. Ne1 Ndf6 22. Bf1 Qf7 23. Nd3 Rae8 24. Re1 Bc8 25. Rac1 Ng5 26. Qb2 Nh5 27. Qa3 Re6 28. Nf4 Nxf4 29. exf4 Ne4 30. f3 Nf6 31. Rxe6 Qxe6 32. Nb8 Bb7 33. Rc7+ Rf7 34. Qc3 Ne8 35. Rxf7+ Qxf7 36. Na6 Qd7 37. Kf2 Kf7 38. Be2 Qc8 39. Qxc8 Bxc8 40. Bd1 Ke7 41. Bb3 Nf6 42. h3 Be6 43. Nc7 1/2-1/2

[Event "St Petersburg-Moscow"]
[Site "Moscow"]
[Date "2002.10.23"]
[Round "2"]
[White "Zvjaginsev, Vadim"]
[Black "Ivanov, Sergey"]
[Result "1/2-1/2"]
[WhiteElo "2680"]
[BlackElo "2561"]
[PlyCount "74"]
[EventDate "2002.10.22"]
[Source "ChessBase"]
[SourceDate "2002.11.06"]

1. c4 e6 2. Nf3 Nf6 3. d4 d5 4. e3 b6 5. Nc3 Bb7 6. cxd5 exd5 7. Bb5+ c6 8. Bd3 Nbd7 9. O-O Bd6 10. e4 dxe4 11. Nxe4 Nxe4 12. Bxe4 Nf6 13. Bg5 O-O 14. Re1 h6 15. Bxf6 Qxf6 16. g3 Rfe8 17. Qd3 Rad8 18. Re3 Bc8 19. Rae1 c5 20. Bh7+ Kf8 21. Rxe8+ Rxe8 22. Rxe8+ Kxe8 23. Be4 cxd4 24. h4 Kf8 25. a3 g6 26. b4 a5 27. bxa5 bxa5 28. Qd2 Kg7 29. Qxa5 d3 30. Qd2 Qa1+ 31. Kg2 Bh3+ 32. Kh2 Bg4 33. Qxd3 Bxa3 34. Kg2 Bc5 35. Qd5 Qc3 36. Qe5+ Qxe5 37. Nxe5 Be6 1/2-1/2